Metodika iónooptických elementov a sústav : Habil.práca : Obh. 27.10.1992 /

Gespeichert in:
Bibliographische Detailangaben
1. Verfasser: Janík, Ján, 1946- (Verfasst von)
Format: Manuskript Buch
Veröffentlicht: Bratislava : SVŠT v Bratislave EF, 1991
Tags: Tag hinzufügen
Keine Tags, Fügen Sie das erste Tag hinzu!

MARC

LEADER 00000ntm a22000003a 4500
001 stu7259
005 20150617225808.8
008 ------s1991----------------------------d
040 |a STU  |b slo 
041 0
100 1 |a Janík, Ján,  |d 1946-  |4 aut  |u E030  |U FEI Fakulta elektrotechniky a informatiky  |T FEI Ústav elektroniky a fotoniky  |X 2098  |U E030  |Y 549  |7 A000002098 
245 1 |a Metodika iónooptických elementov a sústav :  |b Habil.práca : Obh. 27.10.1992 /  |c [aut.] Janík,Ján, Ing. CSc 
260 |a Bratislava :  |b SVŠT v Bratislave EF,  |c 1991 
300 |a 111 s :  |b príl 
996 |b 284ED00100  |c E*HABIL-106  |l EE01  |s A  |a 24  |w stu7259_0001